Dokumente zur deutschlandpolitik

Guardat en:
Dades bibliogràfiques
Format: Llibre
Idioma:alemany
Publicat: Frankfurt am Main Alfred Metzner 1984
Matèries:
Etiquetes: Afegir etiqueta
Sense etiquetes, Sigues el primer a etiquetar aquest registre!

MARC

LEADER 00000nam a2200000 a 4500
001 UCO8268
003 CL-VaPUC
008 001201e19840000GW |||||||||||||||||ger|d
082 0 4 |a 320.943  |b DOK  |2 21 
245 1 0 |a Dokumente zur deutschlandpolitik 
300 |a v 
942 |c BK 
945 |d 20001201 00:00:00  |a crobeson 
260 |a Frankfurt am Main  |b Alfred Metzner  |c 1984 
500 |a Donación del profesor Manfred Wilhelmy von Wolff 
500 |a t.1 v.1: September 1939 bis 31. Dezember 1941 Britische Deutschlandpolitik 
500 |a t.1 v.2: 11. August 1941 bis 31. Dizember 1942 amerikanische Deutschlandpolitik 
500 |a t.4 v.2 p.1-p.2: I. Januar bis 31. Dezember 1965 
500 |a t.4 v.6 p.1-p.2: 1. Januar bis 11. August 1961 
500 |a t.4 v.7: 12. August bis 31. Dezember 1961 
500 |a t.5 v.1: 1. Dezember 1966 bis 31. Dezember 1967 
650 0 |a Política y gobierno  |9 255151 
650 0 |a Diplomacia  |9 256483 
650 0 |a Relaciones Internacionales  |9 255740 
650 0 |a Política exterior   |9 316628 
651 0 |a Alemania  |9 255688 
583 |a last modification  |c 20001201 00:00:00  |k Rodrigo Vera 
999 |c 292993  |d 292991 
952 |0 0  |1 0  |4 0  |6 320_943000000000000_DOK_1984  |7 0  |8 A  |9 344081  |a BIBHIS  |b BIBHIS  |d 2019-11-20  |h t.1 v.2  |i 1231537  |o 320.943 DOK 1984  |p 1231537  |r 2025-01-20  |w 2019-11-20  |y BK  |k HIS 
952 |0 0  |1 0  |4 0  |6 320_943000000000000_DOK_1984  |7 0  |8 A  |9 344082  |a BIBHIS  |b BIBHIS  |d 2019-11-20  |h t.1 v.2  |i 1231545  |o 320.943 DOK 1984  |p 1231545  |r 2025-01-20  |w 2019-11-20  |y BK  |k HIS 
952 |0 0  |1 0  |4 0  |6 320_943000000000000_DOK_1984  |7 0  |8 A  |9 344083  |a BIBHIS  |b BIBHIS  |d 2019-11-20  |h t.4 v.2 p.1  |i 1231553  |o 320.943 DOK 1984  |p 1231553  |r 2025-01-20  |w 2019-11-20  |y BK  |k HIS 
952 |0 0  |1 0  |4 0  |6 320_943000000000000_DOK_1984  |7 0  |8 A  |9 344084  |a BIBHIS  |b BIBHIS  |d 2019-11-20  |h t.4 v.2 p.2  |i 1231561  |o 320.943 DOK 1984  |p 1231561  |r 2025-01-20  |w 2019-11-20  |y BK  |k HIS 
952 |0 0  |1 0  |4 0  |6 320_943000000000000_DOK_1984  |7 0  |8 A  |9 344085  |a BIBHIS  |b BIBHIS  |d 2019-11-20  |h t.4 v.6 p.2  |i 123157K  |o 320.943 DOK 1984  |p 123157K  |r 2025-01-20  |w 2019-11-20  |y BK  |k HIS 
952 |0 0  |1 0  |4 0  |6 320_943000000000000_DOK_1984  |7 0  |8 A  |9 344086  |a BIBHIS  |b BIBHIS  |d 2019-11-20  |h t.4 v.6 p.1  |i 1231588  |o 320.943 DOK 1984  |p 1231588  |r 2025-01-20  |w 2019-11-20  |y BK  |k HIS 
952 |0 0  |1 0  |4 0  |6 320_943000000000000_DOK_1984  |7 0  |8 A  |9 344087  |a BIBHIS  |b BIBHIS  |d 2019-11-20  |h t.4 v.7  |i 1231596  |o 320.943 DOK 1984  |p 1231596  |r 2025-01-20  |w 2019-11-20  |y BK  |k HIS 
952 |0 0  |1 0  |4 0  |6 320_943000000000000_DOK_1984  |7 0  |8 A  |9 344088  |a BIBHIS  |b BIBHIS  |d 2019-11-20  |h t.5 v.6  |i 123160K  |o 320.943 DOK 1984  |p 123160K  |r 2025-01-20  |w 2019-11-20  |y BK  |k HIS